Hollywood animal : a memoir

Saved in:
Bibliographic Details
Main Author: Eszterhas, Joe
Format: Book
Language:Undetermined
Published: New York Random House Audio 2004
Subjects:
Tags: Add Tag
No Tags, Be the first to tag this record!
Institutions: Trung tâm Học liệu Trường Đại học Cần Thơ
LEADER 00696nam a2200217Ia 4500
001 CTU_139493
008 210402s9999 xx 000 0 und d
020 |c 5.99 
082 |a 812.54 
082 |b E79/CD.4 
100 |a Eszterhas, Joe 
245 0 |a Hollywood animal : 
245 2 |b a memoir 
245 0 |c Joe Eszterhas ; read by Eric Bogosian 
260 |a New York 
260 |b Random House Audio 
260 |c 2004 
650 |a Screenwriters,Người viết kịch bản phim,Motion picture industry,Kinh doanh phim điện ảnh 
650 |z United States,Hoa Kỳ,United States,Hoa Kỳ 
904 |i Duy Bằng 
980 |a Trung tâm Học liệu Trường Đại học Cần Thơ